История философии: учебник для академического бакалавриата

Dettagli Bibliografici
Autore principale: Спиркин А. Г. Александр Георгиевич
Riassunto:Учебник представляет собой первый модуль «История философии» курса фило­софии, в который также входят модули «Общая философия» и «Социальная фило­софия и философия истории». Издание в общих чертах раскрывает развитие философской мысли начиная с древности до настоящего времени. В книге нашли отражение идеи известных зару­бежных и отечественных мыслителей, таких как Пифагор, Гераклит, Сократ, Платон, Аристотель, Эпикур, Августин Блаженный, Фома Аквинский, У. Оккам, Н. Кузан-ский, Дж. Бруно, Ф. Бэкон, Т. Гоббс, Б. Паскаль, Дж. Локк, Ж.-Ж. Руссо, И. Кант, Г. Гегель, А. Шопенгауэр, Ф. Ницше, К. Ясперс, Ж.-П. Сартр, М. В. Ломоносов, А. Н. Радищев, Л. Н. Толстой, Ф. М. Достоевский, В. С. Соловьев и многие дру­гие. Автор также постарался рассказать о личностях рассматриваемых философов, поскольку философия и ее история во многом определяются личностными особен­ностями того или иного мыслителя. Соответствует актуальным требованиям Федерального государственного образо­вательного стандарта высшего образования. Для студентов высших учебных заведений, аспирантов и преподавателей вузов, а также для широкого круга читателей.
Lingua:russo
Pubblicazione: Москва, Юрайт, 2016
Serie:Бакалавр. Академический курс
Soggetti:
Natura: MixedMaterials Libro
KOHA link:https://koha.lib.tpu.ru/cgi-bin/koha/opac-detail.pl?biblionumber=320417

MARC

LEADER 00000nam0a2200000 4500
001 320417
005 20231102003258.0
010 |a 9785991656122 
035 |a (RuTPU)RU\TPU\book\345948 
090 |a 320417 
100 |a 20160706d2016 m y0rusy50 ca 
101 0 |a rus 
102 |a RU 
105 |a y j 001zd 
200 1 |a История философии  |e учебник для академического бакалавриата  |f А. Г. Спиркин 
210 |a Москва  |c Юрайт  |d 2016 
215 |a 136 с. 
225 1 |a Бакалавр. Академический курс 
330 |a Учебник представляет собой первый модуль «История философии» курса фило­софии, в который также входят модули «Общая философия» и «Социальная фило­софия и философия истории». Издание в общих чертах раскрывает развитие философской мысли начиная с древности до настоящего времени. В книге нашли отражение идеи известных зару­бежных и отечественных мыслителей, таких как Пифагор, Гераклит, Сократ, Платон, Аристотель, Эпикур, Августин Блаженный, Фома Аквинский, У. Оккам, Н. Кузан-ский, Дж. Бруно, Ф. Бэкон, Т. Гоббс, Б. Паскаль, Дж. Локк, Ж.-Ж. Руссо, И. Кант, Г. Гегель, А. Шопенгауэр, Ф. Ницше, К. Ясперс, Ж.-П. Сартр, М. В. Ломоносов, А. Н. Радищев, Л. Н. Толстой, Ф. М. Достоевский, В. С. Соловьев и многие дру­гие. Автор также постарался рассказать о личностях рассматриваемых философов, поскольку философия и ее история во многом определяются личностными особен­ностями того или иного мыслителя. Соответствует актуальным требованиям Федерального государственного образо­вательного стандарта высшего образования. Для студентов высших учебных заведений, аспирантов и преподавателей вузов, а также для широкого круга читателей. 
606 1 |a Философия  |x История  |2 stltpush  |3 (RuTPU)RU\TPU\subj\63881  |9 80813 
610 1 |a античная философия 
610 1 |a средневековая философия 
610 1 |a Возрождение 
610 1 |a западноевропейская философия 
610 1 |a французская философия 
610 1 |a немецкая классическая философия 
610 1 |a Просвещение 
610 1 |a западная философия 
610 1 |a русская философия 
610 1 |a персоналии 
610 1 |a философские учения 
610 1 |a философы 
610 1 |a учебники 
686 |a Ю3я73  |v LBC/SL-A  |2 rubbk 
700 1 |a Спиркин  |b А. Г.  |g Александр Георгиевич 
801 1 |a RU  |b 63413507  |c 20160706 
801 2 |a RU  |b 63413507  |c 20161007  |g RCR 
900 |a История философии 
942 |c BK 
951 |l 8.1 
959 |a 38/20160428  |d 1  |e 349,00  |f ЧЗГЛ:1